| 000 | 003730000a22001570004500 | ||
|---|---|---|---|
| 001 | 000013 | ||
| 003 | MACL | ||
| 040 | _aMACL | ||
| 090 |
_c13 _d13 |
||
| 100 | _aSareen, T.R. | ||
| 245 |
_aForgotten Image _bReflections and Reminiscences of Subhash Chandra Bose _cT.R. Sareen |
||
| 260 |
_aSS Publishers, _c1997 |
||
| 350 | _a595 | ||
| 650 | _aBiography | ||
| 942 |
_k920 _cBook |
||
| 999 |
_c49320 _d49320 |
||